Veterinárske správy

Bibliographic Details
Previous Title:Veterinár
Format: Serial
Language:Slovak
PhysicalDescription:9 zv. 28 cm
Published: Košice Ústav experimentálnej veterinárnej medicíny v Košiciach 1989-1997
Subjects:

MARC

LEADER 00000cas a2200000 a 4500
001 vtls008425193
003 SK-MaSNL
005 20260228160936.0
008 060119d19891997xo ar| 0 0slo
040 |a SNK  |b slo  |c SNK  |e AACR2 
041 0 |a slo 
044 |a xo  |c SK 
072 7 |a 636.09  |x Veterinárna medicína  |2 konspekt 
080 |a 636.09  |2 2001 
080 |a 001(051)  |2 2011 
080 |a 050  |2 2011 
245 0 0 |a Veterinárske správy 
260 |a Košice  |b Ústav experimentálnej veterinárnej medicíny v Košiciach  |c 1989-1997 
300 |a 9 zv.  |c 28 cm 
310 |a 1-2x ročne 
362 0 |a Roč. III, č. 1 (1989)-roč. XI, č. 2 (1997) 
500 |a Registračné č.: ÚVTEI 87014 
650 0 7 |a veterinárna medicína  |2 SNKPH  |9 1148 
650 0 7 |a Veterinary medicine  |2 SNKPHeng  |9 267512 
655 7 |a vedecké časopisy  |2 SNKPH  |9 70520 
655 7 |a Scientific journals  |2 SNKPHeng  |9 265227 
780 0 0 |t Veterinár  |w vtls011830924 
910 |a snk 
916 |a 1989-1997 
999 |c 3959  |d 5889 
952 |0 0  |1 0  |3 Rekatalogizácia  |4 0  |7 0  |a SNK  |b SNK  |d 2006-01-19  |i snkČSP 5534/93  |l 0  |o snkČSB 3754/6/1992 D1  |p 17A0495230  |r 2026-02-21 21:09:40  |t č. 1-2  |w 2026-02-21  |y PREZ 
952 |0 0  |1 0  |4 0  |7 0  |a SNK  |b SNK  |d 2018-12-19  |i snkČSP 1029/92  |l 0  |o snkČSB 3754/3/1989  |p 17A1027160  |r 2026-02-21 22:14:03  |t č. 1-2  |w 2026-02-21  |y PREZ 
952 |0 0  |1 0  |4 0  |7 0  |a SNK  |b SNK  |d 2018-12-19  |i snkČSP 5533/93  |l 0  |o snkČSB 3754/6/1992  |p 17A0903092  |r 2026-02-21 22:14:03  |t č. 1-2  |w 2026-02-21  |y PREZ 
952 |0 0  |1 0  |4 0  |7 0  |a SNK  |b SNK  |d 2018-12-19  |i snkČSP 1030/92  |l 0  |o snkČSB 3754/3/1989 D1  |p 17A1342138  |r 2026-02-21 22:14:03  |t č. 1-2  |w 2026-02-21  |y PREZ 
952 |0 0  |1 0  |4 0  |7 0  |8 0  |a SNK  |b SNK  |d 2018-12-19  |i snk2018/27535  |l 0  |o snkČSB 3754/7/1993  |p 17A1342137  |r 2026-02-21 22:14:04  |t č. 1-2  |w 2026-02-21  |y PREZ 
952 |0 0  |1 0  |4 0  |7 0  |8 0  |a SNK  |b SNK  |d 2018-12-19  |i snk2018/27536  |l 0  |o snkČSB 3754/8/1994  |p 17A1342136  |r 2026-02-21 22:14:04  |t č. 1-2  |w 2026-02-21  |y PREZ 
952 |0 0  |1 0  |4 0  |7 0  |8 0  |a SNK  |b SNK  |d 2018-12-19  |i snk2018/27538  |l 0  |o snkČSB 3754/9/1995  |p 17A1342135  |r 2026-02-21 22:14:04  |t č. 1-2  |w 2026-02-21  |y PREZ 
952 |0 0  |1 0  |4 0  |7 0  |8 0  |a SNK  |b SNK  |d 2018-12-19  |i snk2018/27540  |l 0  |o snkČSB 3754/10/1996  |p 17A1342134  |r 2026-02-21 22:14:04  |t č. 1-2  |w 2026-02-21  |y PREZ 
952 |0 0  |1 0  |4 0  |7 0  |8 0  |a SNK  |b SNK  |d 2018-12-19  |i snk2018/27541  |l 0  |o snkČSB 3754/11/1997  |p 17A1342133  |r 2026-02-21 22:14:04  |t č. 1-2  |w 2026-02-21  |y PREZ 
952 |0 0  |1 0  |4 0  |7 0  |8 0  |a SNK  |b SNK  |d 2018-12-19  |i snk2018/27545  |l 0  |o snkČSB 3754/7/1993 D1  |p 17A1342132  |r 2026-02-21 22:14:04  |t č. 1-2  |w 2026-02-21  |y PREZ 
952 |0 0  |1 0  |4 0  |7 0  |8 0  |a SNK  |b SNK  |d 2018-12-19  |i snk2018/27546  |l 0  |o snkČSB 3754/8/1994 D1  |p 17A1342131  |r 2026-02-21 22:14:04  |t č. 1-2  |w 2026-02-21  |y PREZ 
952 |0 0  |1 0  |4 0  |7 0  |8 0  |a SNK  |b SNK  |d 2018-12-19  |i snk2018/27548  |l 0  |o snkČSB 3754/9/1995 D1  |p 17A1342130  |r 2026-02-21 22:14:04  |t č. 1-2  |w 2026-02-21  |y PREZ 
952 |0 0  |1 0  |4 0  |7 0  |8 0  |a SNK  |b SNK  |d 2018-12-19  |i snk2018/27549  |l 0  |o snkČSB 3754/10/1996 D1  |p 17A1342129  |r 2026-02-21 22:14:04  |t č. 1-2  |w 2026-02-21  |y PREZ 
952 |0 0  |1 0  |4 0  |7 0  |8 0  |a SNK  |b SNK  |d 2018-12-19  |i snk2018/27551  |l 0  |o snkČSB 3754/11/1997 D1  |p 17A1342128  |r 2026-02-21 22:14:04  |t č. 1-2  |w 2026-02-21  |y PREZ